000
00293nam a2200109Ia 4500
008
200302s9999 xx 000 0 und d
100
_a
Joshua Bolchover and Others
245
_a
Border ecologies hong kong's mainland frontier
260
_b
Birkhauser Verlag Gmbh
260
_c
2017
300
_a
238
999
_c
5904
_d
5904